000 00408nam a2200145Ia 4500
008 220217s9999||||xx |||||||||||||| ||und||
020 _a70634149
082 _a005.71 FOR
100 _aForouzan, Behrouz, A
_92010
245 0 _aData communications and networking
250 _a4th
260 _aTata mcgraw hill
_bNew Delhi
_c2010
300 _aXXXIV, 1134
_b435
650 _aDATA COMMUNICATION
_91124
999 _c179411
_d179411